NXT Champions by Year - 2017 & 2018 - Statistics

General Stats
  • This quiz has been taken 58 times
  • The average score is 17 of 21
Answer Stats
Title Date Event Wrestler % Correct
North American April 7, 2018 TakeOver: New Orleans Adam Cole
100%
Tag Team December 20, 2017 NXT Bobby Fish
100%
Tag Team December 20, 2017 NXT Kyle O'Reilly
100%
NXT Championship July 25, 2018 NXT Tommaso Ciampa
95%
NXT Championship August 19, 2017 TakeOver: Brooklyn III Drew McIntyre
93%
NXT Championship January 28, 2017 TakeOver: San Antonio Bobby Roode
90%
NXT Championship April 7, 2018 TakeOver: New Orleans Aleister Black
88%
NXT Championship November 18, 2017 TakeOver: WarGames Andrade "Cien" Almas
88%
Tag Team June 26, 2018 UK Championship Tournament Tyler Bate
88%
Women's August 18, 2018 TakeOver: Brooklyn 4 Kairi Sane
85%
Women's April 7, 2018 TakeOver: New Orleans Shayna Baszler
85%
Women's October 28, 2018 Evolution Shayna Baszler
85%
Women's November 18, 2017 TakeOver: WarGames Ember Moon
83%
North American August 18, 2018 TakeOver: Brooklyn 4 Ricochet
80%
Tag Team January 28, 2017 TakeOver: San Antonio Akam
75%
Tag Team January 28, 2017 TakeOver: San Antonio Rezar
75%
Tag Team July 11, 2018 NXT Roderick Strong
73%
Tag Team June 26, 2018 UK Championship Tournament Trent Seven
73%
Tag Team July 11, 2018 NXT Kyle O'Reilly
65%
Tag Team August 19, 2017 TakeOver: Brooklyn III Alexander Wolfe
60%
Tag Team August 19, 2017 TakeOver: Brooklyn III Eric Young
60%
No matching quizzes found
Score Distribution
Percent of People with Each Score
Percentile by Number Answered
Your Score History
You have not taken this quiz